000 00560cam a2200157 4500500
005 20260405004337.0
041 _afre
042 _adc
100 1 0 _aFriedt, Jean-Michel
_eauthor
700 1 0 _aBallandras, Sylvain
_eauthor
245 0 0 _aRadiofrequency acoustic passive wireless sensors – Interrogation strategies
260 _c2026.
500 _a36
786 0 _nElectronics | - | 2026-03-05 | p. 23-23
856 4 1 _uhttps://stm.cairn.info/materials-for-electronics-and-associated-devices--bdti42271210-e3212-page-22?lang=en&redirect-ssocas=7080
999 _c2075956
_d2075956